| 000 | 00357nam a2200145Ia 4500 | ||
|---|---|---|---|
| 008 | 260330s9999 xx 000 0 und d | ||
| 020 | _a9.7881890656e+012 | ||
| 082 |
_a307.1412 _bGOW/R |
||
| 100 | _aGowda, Huchhe | ||
| 245 | 0 | _aRural Development in India | |
| 250 | _a1st | ||
| 260 |
_aAgra _bCurrent Publications _c2026 |
||
| 300 | _a359p. | ||
| 942 | _cBK | ||
| 999 |
_c52801 _d52801 |
||